000 00305nam a2200145Ia 4500
100 _aRappaport/Theodore
250 _a2
942 _cBK
654 _awireless
245 _aWireless communication
260 _bPearson Education
_c2002
082 _a621.382
_bRAP
300 _a707
546 _aENGLISH
999 _c32978
_d32978